[Event "SVK-chT2A 2223"]
[Site "Slovakia"]
[Date "2023.03.25"]
[Round "10.7"]
[White "Cambel, Vladimir"]
[Black "Melih, Mario"]
[Result "0-1"]
[WhiteElo "1979"]
[BlackElo "1823"]
[PlyCount "90"]
[EventDate "2022.10.08"]
[EventType "team-tourn"]
[EventRounds "11"]
[EventCountry "SVK"]
[SourceTitle "EXT 2024"]
[Source "ChessBase"]
[SourceDate "2023.10.10"]
[SourceVersion "1"]
[SourceVersionDate "2023.10.10"]
[SourceQuality "1"]
[WhiteTeam "Bratislava Slovan IV"]
[BlackTeam "Trnava Lokomotiva"]
[WhiteTeamCountry "SVK"]
[BlackTeamCountry "SVK"]

1. d4 d5 2. Bf4 Nf6 3. e3 c5 4. Nf3 Nc6 5. Nc3 a6 6. Be2 e6 7. 0-0 Be7 8. a4 0-0 9. h3 Bd7 10. Ne5 Nxe5 11. dxe5 Ne4 12. Nxe4 dxe4 13. a5 Bc6 14. Qe1 Qc7 15. Qc3 Rfd8 16. f3 exf3 17. gxf3 Rd7 18. Rf2 Rad8 19. Bd3 Bb5 20. Be4 Bh4 21. Rg2 Rd1+ 22. Rxd1 Rxd1+ 23. Kh2 Be1 24. Qb3 c4 25. Qa3 Bxa5 26. Bh6 Rd2 27. Rxd2 Bxd2 28. Bf4 b6 29. Kg2 Qc5 30. Qxc5 bxc5 31. Kf2 c3 32. b3 h6 33. Bg3 a5 34. f4 Kf8 35. Bh4 Ke8 36. Kf3 Kd7 37. Kf2 c4 38. Kf3 Bc6 39. Bxc6+ Kxc6 40. Ke2 Kb5 41. Be7 cxb3 42. cxb3 a4 43. bxa4+ Kxa4 44. Kd3 Kb3 45. Bc5 Bc1 0-1

[Event "SVK-chT2A 2223"]
[Site "Slovakia"]
[Date "2022.11.12"]
[Round "3.5"]
[White "Kozinka, Roman"]
[Black "Cambel, Vladimir"]
[Result "0-1"]
[WhiteElo "1937"]
[BlackElo "2000"]
[PlyCount "50"]
[EventDate "2022.10.08"]
[EventType "team-tourn"]
[EventRounds "11"]
[EventCountry "SVK"]
[SourceTitle "EXT 2024"]
[Source "ChessBase"]
[SourceDate "2023.10.10"]
[SourceVersion "1"]
[SourceVersionDate "2023.10.10"]
[SourceQuality "1"]
[WhiteTeam "Modranka Komplet"]
[BlackTeam "Bratislava Slovan IV"]
[WhiteTeamCountry "SVK"]
[BlackTeamCountry "SVK"]

1. e4 d6 2. d4 Nf6 3. Nc3 g6 4. Nf3 Bg7 5. Be2 0-0 6. 0-0 a6 7. a4 Nc6 8. Re1 e5 9. d5 Ne7 10. Nd2 Ne8 11. a5 f5 12. f3 Nf6 13. b4 Qe8 14. g3 Bd7 15. Ra3 h5 16. Nc4 f4 17. gxf4 exf4 18. Bf1 Qf7 19. Ne2 g5 20. h4 Qg6 21. Kh1 Nxe4 22. Nxf4 Nf2+ 23. Kg2 gxf4+ 24. Kxf2 Qg3+ 25. Ke2 Rae8 0-1

[Event "SVK-chT1W 2122"]
[Site "Slovakia"]
[Date "2022.04.24"]
[Round "9.6"]
[White "Cambel, Vladimir"]
[Black "Beres, Lukas"]
[Result "1/2-1/2"]
[WhiteElo "1969"]
[BlackElo "2066"]
[PlyCount "39"]
[EventDate "2021.11.06"]
[EventType "team-tourn"]
[EventRounds "11"]
[EventCountry "SVK"]
[SourceTitle "EXT 2023"]
[Source "ChessBase"]
[SourceDate "2022.10.05"]
[SourceVersion "1"]
[SourceVersionDate "2022.10.05"]
[SourceQuality "1"]
[WhiteTeam "Bratislava Slovan III"]
[BlackTeam "Nitra NSK"]
[WhiteTeamCountry "SVK"]
[BlackTeamCountry "SVK"]

1. Nf3 c6 2. c4 Nf6 3. b3 d5 4. Bb2 e6 5. g3 Be7 6. Bg2 0-0 7. 0-0 Nbd7 8. Qc2 Re8 9. d4 b6 10. Nbd2 Bb7 11. e4 dxe4 12. Nxe4 Nxe4 13. Qxe4 Nf6 14. Qe2 c5 15. Rad1 Qc7 16. dxc5 Bxc5 17. Be5 Qe7 18. Nd4 Bxg2 19. Kxg2 Qb7+ 20. Qf3 1/2-1/2

[Event "SVK-chT2A 2122"]
[Site "Slovakia"]
[Date "2022.03.06"]
[Round "6.3"]
[White "Vrbova, Niki"]
[Black "Cambel, Vladimir"]
[Result "1/2-1/2"]
[WhiteElo "2117"]
[BlackElo "1988"]
[PlyCount "41"]
[EventDate "2021.10.16"]
[EventType "team-tourn"]
[EventRounds "11"]
[EventCountry "SVK"]
[SourceTitle "EXT 2023"]
[Source "ChessBase"]
[SourceDate "2022.10.05"]
[SourceVersion "1"]
[SourceVersionDate "2022.10.05"]
[SourceQuality "1"]
[WhiteTeam "Pezinok"]
[BlackTeam "Bratislava Slovan V"]
[WhiteTeamCountry "SVK"]
[BlackTeamCountry "SVK"]

1. e4 d6 2. Nf3 Nf6 3. d3 c5 4. g3 Nc6 5. Bg2 g6 6. 0-0 Bg7 7. Nbd2 0-0 8. Re1 Qc7 9. c3 e5 10. Nf1 Re8 11. Ne3 h6 12. Nh4 Ne7 13. Bd2 Be6 14. c4 Qd7 15. Bh1 Ng4 16. Nd5 g5 17. Ng2 f5 18. f3 Nf6 19. Bc3 Bxd5 20. cxd5 f4 21. g4 1/2-1/2

[Event "SVK-chT2A 2122"]
[Site "Slovakia"]
[Date "2021.10.17"]
[Round "2.6"]
[White "Matis, Tibor"]
[Black "Cambel, Vladimir"]
[Result "0-1"]
[WhiteElo "1893"]
[BlackElo "1988"]
[PlyCount "130"]
[EventDate "2021.10.16"]
[EventType "team-tourn"]
[EventRounds "11"]
[EventCountry "SVK"]
[SourceTitle "EXT 2023"]
[Source "ChessBase"]
[SourceDate "2022.10.05"]
[SourceVersion "1"]
[SourceVersionDate "2022.10.05"]
[SourceQuality "1"]
[WhiteTeam "Dunajska Streda II"]
[BlackTeam "Bratislava Slovan V"]
[WhiteTeamCountry "SVK"]
[BlackTeamCountry "SVK"]

1. e4 d6 2. d4 Nf6 3. Nc3 g6 4. Be3 c6 5. f3 b5 6. Qd2 Qa5 7. Nge2 Nbd7 8. Nf4 b4 9. Nd1 e5 10. dxe5 dxe5 11. Nd3 Ba6 12. c3 c5 13. Nxc5 Bxc5 14. Bxc5 bxc3 15. Nxc3 Bxf1 16. b4 Qc7 17. Bd6 Qc4 18. Rxf1 a5 19. Rc1 Qa6 20. a3 Rd8 21. Bc7 Rc8 22. Qd6 Qxd6 23. Bxd6 Rc6 24. Bc5 Nxc5 25. bxc5 Rxc5 26. Ke2 Rc7 27. Nb5 Rxc1 28. Rxc1 Ke7 29. Rc7+ Nd7 30. Ra7 Rc8 31. Kd2 Rc5 32. a4 Rc4 33. Rxa5 Rb4 34. Kc2 Nb6 35. Ra7+ Kf8 36. Nc3 Nc4 37. a5 Ne3+ 38. Kd2 Nxg2 39. a6 Rb2+ 40. Kc1 Rb3 41. Kc2 Ra3 42. Ra8+ Kg7 43. Kb2 Ra5 44. Kb3 Nf4 45. Kb4 Ra1 46. a7 Ne6 47. Nb5 Nd4 48. Rc8 Nxb5 49. a8Q Rxa8 50. Rxa8 Nd4 51. Kc5 Nxf3 52. Ra2 f5 53. Kd5 Kf6 54. Rf2 Ng5 55. exf5 gxf5 56. Ra2 Nf3 57. Rg2 e4 58. h3 h5 59. Kc4 Ke5 60. Kc3 Kf4 61. Rg8 Ke3 62. Rh8 h4 63. Kc2 f4 64. Re8 Ne1+ 65. Kd1 Ng2 0-1

[Event "SVK-chT2A 1920"]
[Site "Slovakia"]
[Date "2020.02.16"]
[Round "9.6"]
[White "Kundrak, Vladimir"]
[Black "Cambel, Vladimir"]
[Result "0-1"]
[WhiteElo "1869"]
[BlackElo "1992"]
[PlyCount "78"]
[EventDate "2019.10.26"]
[EventType "team-tourn"]
[EventRounds "11"]
[EventCountry "SVK"]
[SourceTitle "CBM 195 Extra"]
[Source "ChessBase"]
[SourceDate "2020.05.31"]
[SourceVersion "1"]
[SourceVersionDate "2020.05.31"]
[SourceQuality "1"]
[WhiteTeam "Modra II"]
[BlackTeam "Bratislava Slovan V"]
[WhiteTeamCountry "SVK"]
[BlackTeamCountry "SVK"]

1. e4 d6 2. d4 Nf6 3. Nc3 g6 4. f3 c6 5. Be3 b5 6. Qd2 Nbd7 7. Nge2 Nb6 8. b3 Qc7 9. Rd1 Bb7 10. g4 Bg7 11. Ng3 a6 12. Bg2 h5 13. g5 Nfd7 14. f4 b4 15. Nce2 h4 16. Nf1 a5 17. a4 c5 18. c4 bxc3 19. Nxc3 Ba6 20. e5 Rc8 21. Nb5 Bxb5 22. axb5 cxd4 23. Bxd4 dxe5 24. Bxb6 Nxb6 25. Bc6+ Kf8 26. fxe5 Bxe5 27. Ne3 Kg7 28. Qxa5 Bxh2 29. Rxh2 Qxh2 30. Qxb6 Qg3+ 31. Ke2 Qxg5 32. Qd4+ e5 33. Qg4 Qxg4+ 34. Nxg4 Rh5 35. Rd5 h3 36. Rxe5 Rxe5+ 37. Nxe5 h2 38. Kf2 Rxc6 39. bxc6 h1Q 0-1

[Event "Tatry op"]
[Site "Tatranske Zruby"]
[Date "2019.09.28"]
[Round "1"]
[White "Hurdzan, Tomas"]
[Black "Cambel, Vladimir"]
[Result "1-0"]
[WhiteElo "2229"]
[BlackElo "2007"]
[PlyCount "77"]
[EventDate "2019.09.28"]
[EventType "swiss"]
[EventRounds "9"]
[EventCountry "SVK"]
[SourceTitle "EXT 2020"]
[Source "ChessBase"]
[SourceDate "2019.10.17"]
[SourceVersion "1"]
[SourceVersionDate "2019.10.17"]
[SourceQuality "1"]

1. Nf3 d5 2. g3 c6 3. Bg2 Bf5 4. 0-0 Nf6 5. d3 e6 6. Nbd2 Be7 7. b3 0-0 8. Bb2 Nbd7 9. Qe1 Nc5 10. Ne5 h6 11. e4 Bh7 12. Qe2 Qc7 13. f4 Rad8 14. Rae1 dxe4 15. dxe4 Rxd2 16. Qxd2 Rd8 17. Qe2 Ncxe4 18. Nd3 Bf5 19. Kh1 Qa5 20. Bxf6 Nxf6 21. a4 Qc3 22. Rd1 Bg4 23. Bf3 Bxf3+ 24. Rxf3 Qa5 25. Ne5 Rxd1+ 26. Qxd1 Qb4 27. Qe2 Qd4 28. Rd3 Qa1+ 29. Kg2 Nd5 30. c4 Nf6 31. Nd7 b5 32. axb5 cxb5 33. Nxf6+ Bxf6 34. c5 Qc1 35. Qe3 Qxe3 36. Rxe3 Bd4 37. c6 Bb6 38. Rc3 Bc7 39. Rd3 1-0

[Event "SVK-chT1W 1819"]
[Site "Slovakia"]
[Date "2019.01.13"]
[Round "6.7"]
[White "Cambel, Vladimir"]
[Black "Puchovsky, Ladislav"]
[Result "1/2-1/2"]
[WhiteElo "1970"]
[BlackElo "1968"]
[PlyCount "107"]
[EventDate "2018.10.27"]
[EventType "team-tourn"]
[EventRounds "11"]
[EventCountry "SVK"]
[SourceTitle "CBM 188 Extra"]
[Source "ChessBase"]
[SourceDate "2019.02.26"]
[SourceVersion "1"]
[SourceVersionDate "2019.02.26"]
[SourceQuality "1"]
[WhiteTeam "Bratislava Slovan III"]
[BlackTeam "Bratislava Lokomotiva"]
[WhiteTeamCountry "SVK"]
[BlackTeamCountry "SVK"]

1. d4 f5 2. Bf4 Nf6 3. c4 g6 4. Nc3 c6 5. e3 Bg7 6. Bd3 0-0 7. Nf3 d6 8. Qc2 Na6 9. a3 Nc7 10. h4 Nh5 11. Bh2 Qe8 12. 0-0-0 Ne6 13. Kb1 Nd8 14. d5 Nf7 15. Be2 Nf6 16. Nd4 Nd8 17. h5 c5 18. Nf3 Nxh5 19. Ng5 Nf6 20. Bf4 h6 21. Ne6 Nxe6 22. dxe6 Bxe6 23. Bxh6 a6 24. Rh4 Qf7 25. Rdh1 Bxh6 26. Rxh6 Kg7 27. e4 Rh8 28. Qc1 Nxe4 29. Nxe4 fxe4 30. g4 Qf6 31. Qe3 Raf8 32. Rxh8 Rxh8 33. Rxh8 Kxh8 34. Qxe4 Qe5 35. Qxe5+ dxe5 36. Kc2 Kg7 37. Kd3 Kf6 38. Ke4 b6 39. b4 cxb4 40. axb4 Bc8 41. g5+ Kxg5 42. Kxe5 a5 43. bxa5 bxa5 44. c5 a4 45. c6 a3 46. Bc4 Kg4 47. f4 Kf3 48. c7 Ke3 49. Ba2 Kd3 50. Bd5 Kc3 51. Be6 Ba6 52. Bd5 Bc8 53. Be6 Ba6 54. Bd5 1/2-1/2

[Event "Tatry op"]
[Site "Tatranske Zruby"]
[Date "2018.10.01"]
[Round "3"]
[White "Ramik, Zdenek"]
[Black "Cambel, Vladimir"]
[Result "1/2-1/2"]
[WhiteElo "2172"]
[BlackElo "1974"]
[PlyCount "20"]
[EventDate "2018.09.30"]
[EventType "swiss"]
[EventRounds "9"]
[EventCountry "SVK"]
[SourceTitle "CBM 186 Extra"]
[Source "ChessBase"]
[SourceDate "2018.08.24"]
[SourceVersion "1"]
[SourceVersionDate "2018.08.24"]
[SourceQuality "1"]

1. c4 Nf6 2. g3 e5 3. Bg2 d5 4. cxd5 Nxd5 5. Nc3 Nb6 6. Nf3 Nc6 7. 0-0 Be7 8. a3 0-0 9. b4 Be6 10. d3 f6 1/2-1/2

[Event "Bratislava Slovan op"]
[Site "Bratislava"]
[Date "2018.04.29"]
[Round "3"]
[White "Cambel, Vladimir"]
[Black "Munk, Lubomir"]
[Result "0-1"]
[WhiteElo "1985"]
[BlackElo "1775"]
[PlyCount "42"]
[EventDate "2018.04.27"]
[EventType "swiss"]
[EventRounds "9"]
[EventCountry "SVK"]
[SourceTitle "EXT 2023"]
[Source "ChessBase"]
[SourceDate "2022.10.05"]
[SourceVersion "1"]
[SourceVersionDate "2022.10.05"]
[SourceQuality "1"]

1. d4 f5 2. Bf4 Nf6 3. e3 d5 4. Nf3 e6 5. Nbd2 Be7 6. Bd3 0-0 7. Ne5 Nbd7 8. Qe2 Nxe5 9. dxe5 Nd7 10. h4 Nc5 11. 0-0-0 Nxd3+ 12. cxd3 c5 13. g4 Bd7 14. gxf5 exf5 15. Rdg1 Kh8 16. Qf3 Bb5 17. Qg3 Rg8 18. e4 dxe4 19. dxe4 Bd3 20. Rd1 Qd4 21. Nb3 Qc4+ 0-1

[Event "SVK-chT2A 1718"]
[Site "Slovakia"]
[Date "2018.03.18"]
[Round "11.8"]
[White "Mikudik, Ivan"]
[Black "Cambel, Vladimir"]
[Result "1-0"]
[WhiteElo "1903"]
[BlackElo "1998"]
[PlyCount "75"]
[EventDate "2017.10.28"]
[EventType "team-tourn"]
[EventRounds "11"]
[EventCountry "SVK"]
[SourceTitle "EXT 2020"]
[Source "ChessBase"]
[SourceDate "2019.10.17"]
[SourceVersion "1"]
[SourceVersionDate "2019.10.17"]
[SourceQuality "1"]
[WhiteTeam "Krasnany"]
[BlackTeam "Bratislava Slovan V"]
[WhiteTeamCountry "SVK"]
[BlackTeamCountry "SVK"]

1. d4 d5 2. c4 c6 3. Nc3 Nf6 4. Nf3 e6 5. Bg5 dxc4 6. e4 b5 7. e5 h6 8. Bh4 g5 9. Nxg5 Nd5 10. Nf3 Qa5 11. Qd2 Bb4 12. Rc1 Nd7 13. Be2 Nf8 14. 0-0 Bxc3 15. bxc3 Ng6 16. Bf6 Rg8 17. g3 Ngf4 18. Rfe1 Bb7 19. Bf1 c5 20. Nh4 Qc7 21. f3 Nxf6 22. exf6 0-0-0 23. a4 a6 24. Rb1 Ng6 25. Ng2 Qc6 26. axb5 axb5 27. Qb2 cxd4 28. cxd4 Rd5 29. Ne3 Rg5 30. Bg2 Qd7 31. f4 Nxf4 32. Nxc4 Nh3+ 33. Bxh3 bxc4 34. Rec1 Rxg3+ 35. hxg3 Rxg3+ 36. Kh2 Rxh3+ 37. Kxh3 e5+ 38. Kh2 1-0

[Event "SVK-chT1W 1718"]
[Site "Slovakia"]
[Date "2018.03.11"]
[Round "11.6"]
[White "Takacs, Laszlo"]
[Black "Cambel, Vladimir"]
[Result "1-0"]
[WhiteElo "2247"]
[BlackElo "1998"]
[PlyCount "49"]
[EventDate "2017.10.21"]
[EventType "team-tourn"]
[EventRounds "11"]
[EventCountry "SVK"]
[SourceTitle "EXT 2019"]
[Source "ChessBase"]
[SourceDate "2018.10.10"]
[SourceVersion "1"]
[SourceVersionDate "2018.10.10"]
[SourceQuality "1"]
[WhiteTeam "Gabcikovo Russel"]
[BlackTeam "Bratislava Slovan III"]
[WhiteTeamCountry "SVK"]
[BlackTeamCountry "SVK"]

1. e4 c5 2. Nf3 d6 3. d4 cxd4 4. Nxd4 Nf6 5. Nc3 Nc6 6. Nb3 g6 7. Be2 Bg7 8. Be3 0-0 9. Qd2 Re8 10. h4 h5 11. 0-0-0 Bd7 12. f3 Rc8 13. Rdg1 Na5 14. g4 Nxb3+ 15. axb3 Qa5 16. Kb1 b5 17. gxh5 Nxh5 18. Bd4 e5 19. Be3 Nf4 20. h5 d5 21. hxg6 fxg6 22. Bxf4 exf4 23. Rxg6 Be6 24. Rxg7+ Kxg7 25. Qd4+ 1-0

[Event "SVK-chT2A 1617"]
[Site "Slovakia"]
[Date "2016.12.03"]
[Round "5.7"]
[White "Cambel, Vladimir"]
[Black "Kolman, Richard"]
[Result "1-0"]
[WhiteElo "2008"]
[BlackElo "2052"]
[PlyCount "65"]
[EventDate "2016.10.08"]
[EventType "team-tourn"]
[EventRounds "11"]
[EventCountry "SVK"]
[SourceTitle "EXT 2018"]
[Source "ChessBase"]
[SourceDate "2017.10.13"]
[SourceVersion "1"]
[SourceVersionDate "2017.10.13"]
[SourceQuality "1"]
[WhiteTeam "Bratislava Slovan V"]
[BlackTeam "Bratislava Slovan IV"]
[WhiteTeamCountry "SVK"]
[BlackTeamCountry "SVK"]

1. Nf3 d5 2. c4 c6 3. b3 Nf6 4. g3 Bg4 5. Bg2 Nbd7 6. Bb2 e6 7. 0-0 Be7 8. d3 0-0 9. Nbd2 Bh5 10. Qc2 Rc8 11. Rfe1 Ne8 12. Rac1 Nc7 13. e4 dxe4 14. Nxe4 f5 15. Ned2 f4 16. d4 fxg3 17. hxg3 c5 18. Qe4 cxd4 19. Bxd4 Bb4 20. Re3 b6 21. a3 Nf6 22. Qh4 Bxf3 23. Nxf3 Bxa3 24. Ra1 Be7 25. Ng5 h6 26. Nxe6 Nxe6 27. Rxe6 Rc7 28. Rae1 Rd7 29. Bxf6 Bxf6 30. Qg4 Bd4 31. R1e2 Rdf7 32. Bd5 Bxf2+ 33. Rxf2 1-0